1769 1590 1878 1365 1195 1696 1291 1511 1131 1931 1816 1752 1395 1767 1413 1916 1554 1036 1834 1206 1424 1410 1017 1150 1707 1215 1413 1503 1270 1493 1197 1866 1916 1183 1303 1779 1291 1442 1109 1457 1674 1339 1639 1896 1111 1592 1799 1060 1359 1464 1633 1389 1431 1233 1424 1357 1362 1185 1539 1910 1471 1959 1959 1985 1263 1980 1692 1822 1200 1664 1745 1723 1718 1107 1991 1907 1518 1732 1885 1793 1165 1045 1141 1981 1922 1967 1666 1774 1598 1639 1899 1049 1410 1893 1498 1443 1458 1521 1355 BCNSPRNW ULIB Ver.6.0+V

เปลี่ยนเป็นภาษาไทย

Change to English
 แสดงรายละเอียดบรรณานุกรม
  กลับหน้าหลัก

Brief Record : Get Marc (ISO 2709) : E-mail record : QR code < ปิดหน้าต่าง
LEADER : 00000nam 2200000uu 4500
001    13399127923
003     ULIB
008    211108s2563||||th 000 0 tha d
020 0   ^a9786164075221
060    ^aWS200^bส869ฉ
100 0   ^aสุวพร อนุกูลเรืองกิตติ์
245 0  ^aโฉมหน้าใหม่ของโรคติดเชื้อในเด็ก/^cบรรณาธิการ สุวพร อนุกูลเรืองกิตติ์
250    ^aพิมพ์ครั้งที่ 2
260    ^aกรุงเทพฯ:^bจุฬาฯ,^c2563
300    ^a525 หน้า:^bภาพประกอบ
650    ^aโรคติดเชื้อ
650    ^aการติดเชื้อในเด็ก
650    ^aเด็ก^xโรค
700 0   ^aสุวพร อนุกูลเรืองกิตติ์,^eบรรณาธิการ
700 0   ^aวรรษมน จันทรเบญจกุล^xบรรณาธิการ
700 0   ^aธันยวีร์ ภูธนกิจ^xบรรณาธิการ
700 0   ^aชิษณุ พันธุ์เจริญ^xบรรณาธิการ
945    ^p400^l0^i29107
945    ^p400^l0^i29108
945    ^p400^l0^i29109
945    ^p400^l0^i29110
945    ^p400^l0^i29111
999    ^aกัณชพร จุลอักษร
รายการนี้ยังไม่มีแท็ก
คุณยังไม่ได้ล็อกอิน คุณสามารถมีกิจกรรมร่วมกับเว็บไซต์ได้ แต่ต้องล็อกอินก่อน ::
  ล็อกอิน

รายการสื่อสารสนเทศ

ลำดับที่ ประเภท เลขเรียก/บาร์โค้ด สถานที่ สถานะ
1. หนังสือสำรอง
หนังสือสำรอง
WS200 ส869ฉ ฉ.1 
  Barcode: 29107
ห้องสมุดวิทยาเขตนครสวรรค์
►หนังสือทั่วไป:l:General Books
บนชั้น
2. วิทยาศาสตร์การแพทย์ และสุขภาพ
วิทยาศาสตร์การแพทย์ และสุขภาพ
WS200 ส869ฉ ฉ.2 
  Barcode: 29108
ห้องสมุดวิทยาเขตนครสวรรค์
►หนังสือทั่วไป:l:General Books
บนชั้น
3. วิทยาศาสตร์การแพทย์ และสุขภาพ
วิทยาศาสตร์การแพทย์ และสุขภาพ
WS200 ส869ฉ ฉ.3 
  Barcode: 29109
ห้องสมุดวิทยาเขตนครสวรรค์
►หนังสือทั่วไป:l:General Books
บนชั้น
4. วิทยาศาสตร์การแพทย์ และสุขภาพ
วิทยาศาสตร์การแพทย์ และสุขภาพ
WS200 ส869ฉ ฉ.4 
  Barcode: 29110
ห้องสมุดวิทยาเขตนครสวรรค์
►หนังสือทั่วไป:l:General Books
บนชั้น
5. วิทยาศาสตร์การแพทย์ และสุขภาพ
วิทยาศาสตร์การแพทย์ และสุขภาพ
WS200 ส869ฉ ฉ.5 
  Barcode: 29111
ห้องสมุดวิทยาเขตนครสวรรค์
►หนังสือทั่วไป:l:General Books
บนชั้น

รายการใกล้เคียง
    ผู้แต่ง [สุวพร อนุกูลเรืองกิตติ์]

    หัวเรื่อง [โรคติดเชื้อ]
    หัวเรื่อง [การติดเชื้อในเด็ก]

BibComment


ยังไม่เคยถูกคอมเมนท์

คอมเมนท์ทรัพยากรรายการนี้
  คอมเมนท์: โฉมหน้าใหม่ของโร..


 Copyright 2026. Bcnsprnw @Library